Cuentos / (Registro nro. 8746)

Detalles MARC
000 -LIDER
fixed length control field 00923nam a22002657a 4500
003 - IDENTIFICACDOR DE NÚMERO DE CONTROL
control field DO-SdBNP
005 - DATE AND TIME OF LATEST TRANSACTION
control field 20240524113657.0
008 - ELEMENTOS DE LONGITUD FIJA
fixed length control field 151117b1991 sp |||| 00| 0 spa d
020 ## - ISBN
International Standard Book Number 8479690291
040 ## - FUENTE DE CATALOGACIÓN
Agencia que crea de manera original el registro BPMSU
Idioma de catalogación spa
Agencia que realiza la transcripción BPMSU
082 #4 - NÚMERO DE CLASIFICACIÓN DECIMAL DE DEWEY
Classification number 839.81
Item number A544c 1991
Edition number 22
100 1# - ASIENTO PRINCIPAL -- NOMBRE PERSONAL
Nombre personal Andersen, Hans Christian,
Títulos u otras palabras asociadas con el nombre 1805-1875.
245 10 - MENCIÓN DE TITULO
Título Cuentos /
Mención de responsabilidad Hans Christian Andersen ; traducción y notas Alberto Adell
260 ## - PUBLICACIÓN, DISTRIBUCIÓN, ETC. (PIE DE IMPRENTA)
Lugar de publicación, distribución, etc Madrid :
Nombre del editor, distribuidor, etc. Compañía Europea de Comunicación e Información
Fecha de publicación, distribución, etc 1991.
300 ## - DESCRIPCIÓN FÍSICA
Extensión 95 p. :
Otros detalles físicos il. ;
Dimensiones 19 cm.
490 0# - MENCIÓN DE SERIES
Mención de serie Biblioteca de el sol
Volume/sequential designation 22
500 ## - NOTA GENERAL
Nota general Incluye datos biográficos del autor.
590 ## - NOTA LOCAL
Texto de la nota local Inventariado, 2024/VM
650 #4 - ENCABEZAMIENTO DE MATERIA--TEMÁTICO
Término temático o nombre geográfico como elemento de entrada Cuentos infantiles daneses
700 1# - ASIENTO SECUNDARIO -- NOMBRE PERSONAL
Nombre personal Adell, Alberto
Mención de responsabilidad traductor
710 2# - ASIENTO SECUNDARIO -- NOMBRE CORPORATIVO
Nombre corporativo o de jurisdicción Compañía Europea de Comunicación e Información
830 #0 - ASIENTO SECUNDARIO DE SERIE--TÍTULO UNIFORME
Título uniforme Biblioteca de el sol ;
Número de la parte o sección de una obra 22
910 ## - VALIDACIÓN
Validación VMateo V. Control de calidad. BPMSU
942 ## - ADDED ENTRY ELEMENTS (KOHA)
Source of classification or shelving scheme Dewey Decimal Classification
Koha item type Libros
Existencias
Withdrawn status Lost status Source of classification or shelving scheme Damaged status Not for loan Collection code Home library Current library Date acquired Total Checkouts Full call number Barcode Date last seen Price effective from Koha item type
    Dewey Decimal Classification     Colección General Biblioteca Pública Metropolitana Salomé Ureña Biblioteca Pública Metropolitana Salomé Ureña 11/17/2015   BPMSU CGI 839.81 A544c 1991 BPMSU15110310 11/17/2015 11/17/2015 Libros